<?xml version="1.0" encoding="UTF-8"?>
<record
    xmlns:xsi="http://www.w3.org/2001/XMLSchema-instance"
    xsi:schemaLocation="http://www.loc.gov/MARC21/slim http://www.loc.gov/standards/marcxml/schema/MARC21slim.xsd"
    xmlns="http://www.loc.gov/MARC21/slim">

  <leader>01427nam a22003377a 4500</leader>
  <controlfield tag="001">36330</controlfield>
  <controlfield tag="003">Ost</controlfield>
  <controlfield tag="005">20260507154549.0</controlfield>
  <controlfield tag="008">251113s9999||||xx |||||||||||||| ||eng||</controlfield>
  <datafield tag="020" ind1=" " ind2=" ">
    <subfield code="a">9789389243192</subfield>
  </datafield>
  <datafield tag="040" ind1=" " ind2=" ">
    <subfield code="c">nitttr</subfield>
  </datafield>
  <datafield tag="082" ind1=" " ind2=" ">
    <subfield code="a">891</subfield>
    <subfield code="b">MER-D</subfield>
  </datafield>
  <datafield tag="100" ind1=" " ind2=" ">
    <subfield code="a">Ramdhari Singh Dinkar - &#x930;&#x93E;&#x92E;&#x927;&#x93E;&#x930;&#x940; &#x938;&#x93F;&#x902;&#x939; &#x926;&#x93F;&#x928;&#x915;&#x930;</subfield>
  </datafield>
  <datafield tag="245" ind1=" " ind2="0">
    <subfield code="a">Meri Yatrayen - &#x92E;&#x947;&#x930;&#x940; &#x92F;&#x93E;&#x924;&#x94D;&#x930;&#x93E;&#x90F;&#x902;</subfield>
  </datafield>
  <datafield tag="250" ind1=" " ind2=" ">
    <subfield code="a">1st Ed.</subfield>
  </datafield>
  <datafield tag="260" ind1=" " ind2=" ">
    <subfield code="a">New Delhi, India</subfield>
    <subfield code="b">Lokbharti Prakashan</subfield>
    <subfield code="c">2019</subfield>
  </datafield>
  <datafield tag="300" ind1=" " ind2=" ">
    <subfield code="a">192 p.</subfield>
  </datafield>
  <datafield tag="650" ind1=" " ind2=" ">
    <subfield code="a"> &#x910;&#x924;&#x93F;&#x939;&#x93E;&#x938;&#x93F;&#x915; &#x914;&#x930; &#x938;&#x93E;&#x902;&#x938;&#x94D;&#x915;&#x943;&#x924;&#x93F;&#x915; &#x938;&#x94D;&#x925;&#x932; </subfield>
  </datafield>
  <datafield tag="650" ind1=" " ind2=" ">
    <subfield code="a"> &#x92A;&#x94D;&#x930;&#x915;&#x943;&#x924;&#x93F; &#x914;&#x930; &#x92A;&#x930;&#x94D;&#x92F;&#x93E;&#x935;&#x930;&#x923; </subfield>
  </datafield>
  <datafield tag="650" ind1=" " ind2=" ">
    <subfield code="a"> &#x92A;&#x94D;&#x930;&#x947;&#x930;&#x923;&#x93E;&#x926;&#x93E;&#x92F;&#x915; &#x92F;&#x93E;&#x924;&#x94D;&#x930;&#x93E;&#x90F;&#x901; </subfield>
  </datafield>
  <datafield tag="650" ind1=" " ind2=" ">
    <subfield code="a"> &#x92F;&#x93E;&#x924;&#x94D;&#x930;&#x93E; &#x905;&#x928;&#x941;&#x92D;&#x935; </subfield>
  </datafield>
  <datafield tag="650" ind1=" " ind2=" ">
    <subfield code="a"> &#x932;&#x947;&#x916;&#x915; &#x915;&#x947; &#x935;&#x94D;&#x92F;&#x915;&#x94D;&#x924;&#x93F;&#x917;&#x924; &#x905;&#x928;&#x941;&#x92D;&#x935; </subfield>
  </datafield>
  <datafield tag="650" ind1=" " ind2=" ">
    <subfield code="a"> &#x935;&#x93F;&#x92D;&#x93F;&#x928;&#x94D;&#x928; &#x926;&#x947;&#x936;&#x94B;&#x902;/&#x938;&#x94D;&#x925;&#x93E;&#x928;&#x94B;&#x902; &#x915;&#x93E; &#x935;&#x930;&#x94D;&#x923;&#x928; </subfield>
  </datafield>
  <datafield tag="650" ind1=" " ind2=" ">
    <subfield code="a"> &#x938;&#x92E;&#x93E;&#x91C; &#x914;&#x930; &#x91C;&#x940;&#x935;&#x928; &#x936;&#x948;&#x932;&#x940; </subfield>
  </datafield>
  <datafield tag="650" ind1=" " ind2=" ">
    <subfield code="a"> &#x938;&#x902;&#x938;&#x94D;&#x915;&#x943;&#x924;&#x93F; &#x914;&#x930; &#x92A;&#x930;&#x902;&#x92A;&#x930;&#x93E;&#x90F;&#x901; </subfield>
  </datafield>
  <datafield tag="650" ind1=" " ind2=" ">
    <subfield code="a"> &#x938;&#x93E;&#x92E;&#x93E;&#x91C;&#x93F;&#x915; &#x905;&#x935;&#x932;&#x94B;&#x915;&#x928; </subfield>
  </datafield>
  <datafield tag="650" ind1=" " ind2=" ">
    <subfield code="a"> &#x938;&#x93E;&#x939;&#x93F;&#x924;&#x94D;&#x92F;&#x93F;&#x915; &#x92F;&#x93E;&#x924;&#x94D;&#x930;&#x93E; &#x935;&#x93F;&#x935;&#x930;&#x923; </subfield>
  </datafield>
  <datafield tag="650" ind1=" " ind2=" ">
    <subfield code="a"> &#x939;&#x93F;&#x902;&#x926;&#x940; &#x92F;&#x93E;&#x924;&#x94D;&#x930;&#x93E; &#x938;&#x93E;&#x939;&#x93F;&#x924;&#x94D;&#x92F;</subfield>
  </datafield>
  <datafield tag="650" ind1=" " ind2=" ">
    <subfield code="a">&#x92F;&#x93E;&#x924;&#x94D;&#x930;&#x93E;-&#x935;&#x943;&#x924;&#x94D;&#x924;&#x93E;&#x902;&#x924; </subfield>
  </datafield>
  <datafield tag="942" ind1=" " ind2=" ">
    <subfield code="c">BK</subfield>
  </datafield>
  <datafield tag="999" ind1=" " ind2=" ">
    <subfield code="c">176</subfield>
    <subfield code="d">176</subfield>
  </datafield>
  <datafield tag="952" ind1=" " ind2=" ">
    <subfield code="0">0</subfield>
    <subfield code="1">0</subfield>
    <subfield code="4">0</subfield>
    <subfield code="7">0</subfield>
    <subfield code="a">NITTTR</subfield>
    <subfield code="b">NITTTR</subfield>
    <subfield code="d">2026-05-07</subfield>
    <subfield code="l">0</subfield>
    <subfield code="o">891. MER-D</subfield>
    <subfield code="p">50249</subfield>
    <subfield code="r">2026-05-07 15:45:49</subfield>
    <subfield code="w">2026-05-07</subfield>
    <subfield code="y">BK</subfield>
  </datafield>
</record>
